Marx und Keynes

Αποθηκεύτηκε σε:
Λεπτομέρειες βιβλιογραφικής εγγραφής
Κύριος συγγραφέας: Mattick, Paul, 1904-1981
Μορφή: Βιβλίο
Γλώσσα:German
Δημοσίευση: Koln : Europaische Verlagsanstalt, 1974
Έκδοση:2. aufl., unver.
Σειρά:Politische, Okonomie Geschichte und Kritik
Θέματα:
Ετικέτες: Προσθήκη ετικέτας
Δεν υπάρχουν, Καταχωρήστε ετικέτα πρώτοι!

MARC

LEADER 00000cam a2200000 i 4500
001 1/8601
008 000703s1974 ger d
020 |a 3434301178 
035 |l 10062737 
040 |a GR-MY-UA  |b gre  |e aacr 
041 0 |a ger 
082 0 |a 330.156 
100 1 |a Mattick, Paul,   |d 1904-1981. 
245 1 0 |a Marx und Keynes /  |c Paul Mattick 
250 |a 2. aufl., unver. 
260 |a Koln :   |b Europaische Verlagsanstalt,   |c 1974 
300 |a 349 σ.;  |c 21 εκ. 
490 1 |a Politische, Okonomie Geschichte und Kritik 
600 1 0 |a Marx, Karl,   |d 1818-1883  |x Criticism and intepratation. 
600 1 0 |a Keynes, John Maynard,   |d 1883-1946  |x Criticism and interpretation. 
650 0 0 |a Marxian economics. 
650 0 0 |a Keynesian economics. 
830 0 |a Politische, Okonomie Geschichte und Kritik 
852 |a INST  |b LESVOS  |e 20000703  |h 330.156 MAT  |p 005100023358  |q 005100023358  |t BK  |y 0 
901 |a BIBL1-2000-2 
909 |a Λ  |b 035035 
970 |z 2000/06/ΓΕΩΡΓΙΑ